| 000 | 00348nam a2200145Ia 4500 | ||
|---|---|---|---|
| 003 | OSt | ||
| 005 | 20231215043113.0 | ||
| 008 | 170524s9999 xx 000 0 und d | ||
| 020 | _a9788184350210 | ||
| 040 | _cIIMT UNIVERSITY | ||
| 100 | _aGolahit- S.B. | ||
| 245 | 0 | _aRural Development Programme | |
| 260 | _bNew Delhi : Adhiyaya | ||
| 942 |
_2ddc _c01 |
||
| 999 |
_c9472 _d9472 |
||